[Event "Heraklion op 18th"]
[Site "Heraklion"]
[Date "2016.09.03"]
[Round "1"]
[White "Lirindzakis, Timotheos"]
[Black "Kafetzis, Iasonas"]
[Result "1-0"]
[WhiteElo "2195"]
[BlackElo "1321"]
[PlyCount "21"]
[EventDate "2016.09.03"]
[EventType "swiss"]
[EventRounds "9"]
[EventCountry "GRE"]
[SourceTitle "CBM 174 Extra"]
[Source "ChessBase"]
[SourceDate "2016.10.10"]
[SourceVersion "1"]
[SourceVersionDate "2016.10.10"]
[SourceQuality "1"]

1. d4 Nf6 2. c4 e6 3. Nf3 d5 4. g3 b6 5. Bg2 Bb7 6. Nc3 Be7 7. Ne5 0-0 8. 0-0 c5 9. dxc5 bxc5 10. cxd5 Bd6 11. Nc4 1-0

[Event "GRE-ch U12"]
[Site "Greece"]
[Date "2014.07.10"]
[Round "9"]
[White "Serpetsidakis, Nikolaos"]
[Black "Kafetzis, Iasonas"]
[Result "1-0"]
[WhiteElo "1714"]
[BlackElo "1238"]
[PlyCount "93"]
[EventDate "2014.07.04"]
[EventType "swiss"]
[EventRounds "9"]
[EventCountry "GRE"]
[SourceTitle "EXT 2017"]
[Source "ChessBase"]
[SourceDate "2016.10.25"]
[SourceVersion "1"]
[SourceVersionDate "2016.10.25"]
[SourceQuality "1"]

1. d4 f5 2. c4 Nf6 3. Nc3 e6 4. Nf3 c6 5. Bf4 d5 6. e3 Be7 7. Be2 0-0 8. 0-0 Ne4 9. Ne5 Nd7 10. f3 Nef6 11. Bg3 Nh5 12. Bf2 f4 13. Nxd7 Bxd7 14. e4 Be8 15. Qb3 Rb8 16. cxd5 exd5 17. Rfe1 Nf6 18. Bd3 Bf7 19. e5 Nh5 20. Qc2 g6 21. Na4 Ng7 22. a3 Be6 23. b4 Bd7 24. Nc5 Ne6 25. Nxe6 Bxe6 26. Bxg6 hxg6 27. Qxg6+ Kh8 28. Qh6+ Kg8 29. Qxe6+ Rf7 30. g3 Kf8 31. Qh6+ Rg7 32. Qxf4+ Kg8 33. Qh6 Bg5 34. Qe6+ Kh8 35. Qh3+ Bh4 36. Kh1 Qg8 37. Qxh4+ Rh7 38. Qf6+ Rg7 39. e6 Rf8 40. Qe5 Qh7 41. e7 Re8 42. Qf6 Kg8 43. Qe6+ Rf7 44. Qd7 Rfxe7 45. Rxe7 Rxe7 46. Qd8+ Kf7 47. Re1 1-0

[Event "GRE-ch U12"]
[Site "Greece"]
[Date "2014.07.09"]
[Round "8"]
[White "Kafetzis, Iasonas"]
[Black "Rousos, Stamatios"]
[Result "0-1"]
[WhiteElo "1238"]
[BlackElo "1385"]
[PlyCount "42"]
[EventDate "2014.07.04"]
[EventType "swiss"]
[EventRounds "9"]
[EventCountry "GRE"]
[SourceTitle "EXT 2017"]
[Source "ChessBase"]
[SourceDate "2016.10.25"]
[SourceVersion "1"]
[SourceVersionDate "2016.10.25"]
[SourceQuality "1"]

1. e4 c5 2. b3 d6 3. Bb2 Nf6 4. Bb5+ Bd7 5. Bxd7+ Qxd7 6. d3 Nc6 7. Nd2 e6 8. f4 Be7 9. Ngf3 0-0 10. 0-0 b5 11. Qe1 a5 12. e5 Nd5 13. Qg3 dxe5 14. Nxe5 Nxe5 15. fxe5 Nb4 16. Rfc1 a4 17. Bc3 axb3 18. axb3 Ra2 19. Bxb4 Rxa1 20. Rxa1 cxb4 21. Ne4 Qd4+ 0-1